| 000 | 00575nam a22001937a 4500 | ||
|---|---|---|---|
| 999 |
_c4712 _d4712 |
||
| 003 | AR-CdUCM | ||
| 008 | 190311b ||||| |||| 00| 0 spa d | ||
| 040 |
_aMUNICIPALIDAD PROVINCIAL DEL CUSCO _cBIBLIOTECA MUNICIPAL DEL CUSCO |
||
| 082 |
_a869.913 / _bSA18 |
||
| 100 |
_aSalazar, Mélinton. _914614 |
||
| 245 | _aVersos de hombre / | ||
| 260 |
_aGuatemala : _bISTMO, _c1968. |
||
| 300 |
_a115 páginas ; _c21 cm. |
||
| 500 | _aDonación de la familia Nieto. | ||
| 650 |
_aPoesías guatemaltecas _914615 |
||
| 650 |
_aSiglo XIX _9971 |
||
| 942 |
_2ddc _cLIBROS |
||
| 945 | _araen | ||